| 000 | 00863nab a22001937a 4500 | ||
|---|---|---|---|
| 003 | AR-EsCIE | ||
| 005 | 20251106095716.0 | ||
| 006 | a|||||r|||| 00| 0 | ||
| 007 | ta | ||
| 008 | 250822b2016 cl ||||| |||| 00| 0 spa d | ||
| 040 |
_aAR-EsCIE _cAR-EsCIE |
||
| 100 | 1 |
_aBarroetaveña, Carolina, _d1971- _921 |
|
| 245 | 1 | 0 |
_aInoculación micorrícica de pinus ponderosa en la Patagonia Argentina : colonización de las raíces, descripción de morfotipos y crecimiento de las plántulas en vivero / _cCarolina Barroetaveña, Vilma N. Bassani y Mario Rajchenberg. |
| 700 | 1 |
_aBassani, Vilma _9142 |
|
| 700 | 1 |
_aRajchenberg, Mario, _d1954- _9107 |
|
| 773 | 0 |
_0136 _9128 _tBosque / _aVol.33 nº2 (2016) p.163-169 _dValdivia : Universidad Austral de Chile, 1975- _x0717-9200 (online) |
|
| 856 | _uhttp://revistas.uach.cl/index.php/bosque/article/view/396 | ||
| 942 |
_2ddc _cCF _n0 |
||
| 999 |
_c444 _d444 |
||